000
00322nam a22001457a 4500
008
230124b ||||| |||| 00| 0 eng d
020
_a
9780205244676
041
_a
eng
080
_2
EIGHTH EDITION
_a
7
082
_a
7QUI
100
_a
19
101
_a
ART
245
_a
STRUCTURED READING
_c
QUITMAN L
942
_2
udc
_c
BK
999
_c
59270
_d
59270